000 00218nam a2200085Ia 4500
008 120527s9999 xx 000 0 und d
100 _aAlberto & Troutman
245 _aApplied behaviour analysis for teachers
942 _cBK
999 _c27461
_d27461